000 00855nam0a22002411 4500
001 v19\rc\1884150
005 20250619170330.0
035 _a(NLR Aleph) 004973062
090 _a6105165
_c6105165
100 _a20080221f19101919|||y0rusy50 ca
101 0 _arus
102 _aRU
105 _aa z |||||
200 1 _aСамолет "Спад" тип VII
_eКонструктивное описание и наставление к сборке, разборке и регулировке самолета
_fАО "Дукс"
210 _aМосква
_cтип. Н.С. Кобелькова
_d[191-?]
215 _a16 с., 2 отд. л. черт.
_d26
532 1 1 _aСамолет Спад тип семь
801 0 _aRU
_bNLR
_gpsbo
801 0 _aRU
_bRuMoRGB
_2psbo
801 1 _aRU
_bProSoft-M
_2rusmarc
852 _aNLR
_j77-7/1881
942 _cBOOK
980 _aNB